Questões práticas sobre improbidade administrativa / (Record no. 589)

MARC details
000 -LÍDER
Campo Fixo de Controle 00902nam a2200265 a 4500
001 - NÚMERO DE CONTROLE
Campo de Controle 589
003 - IDENTIFICAÇÃO DO NÚMERO DE CONTROLE
Campo de Controle BR-CuiBMT
005 - DATA E HORA DA ÚLTIMA ATUALIZAÇÃO
Campo de Controle 20231109232251.0
008 - DADOS FIXOS
Dados Fixos 231109s2011 dfb 000 0 por d
020 ## - INTERNATIONAL STANDARD BOOK NUMBER
Nº do ISBN 9788588652415
040 ## - AGÊNCIA CATALOGADORA
Código da Agência Catalogadora BR-CuiBMT
Agência que transcreveu o registro BR-CuiBMT
080 ## - Nº DA CLASSIFICAÇÃO DECIMAL UNIVERSAL
Nº edição CDU 2007
Nº Class. CDU 35.086:343.35
090 ## - NÚMERO DE CHAMADA
Nº classificação 35.086:343.35
Cutter Q5
245 1# - TÍTULO PRINCIPAL
Título principal Questões práticas sobre improbidade administrativa /
Indicação de responsabilidade Escola Superior do Ministério Público da União ; coordenadora, Samantha Chantal Dobrowolski.
260 ## - PUBLICAÇÃO, DISTRIBUIÇÃO, ETC.
Local de publicação Brasília :
Editora ESMPU,
Data 2011.
300 ## - DESCRIÇÃO FÍSICA
N. páginas ou volumes 326 p.:
Dimensões 23 cm
504 ## - NOTA DE BIBLIOGRAFIA, ETC.
Nota de bibliografia Inclui bibliografia.
650 ## - ASSUNTO TÓPICO
Cabeçalho tópico ou nome geográfico Responsabilidade administrativa
650 ## - ASSUNTO TÓPICO
Cabeçalho tópico ou nome geográfico Improbidade administrativa
650 ## - ASSUNTO TÓPICO
Cabeçalho tópico ou nome geográfico Enriquecimento ilícito
650 ## - ASSUNTO TÓPICO
Cabeçalho tópico ou nome geográfico Direito administrativo
700 ## - ENTRADA SECUNDÁRIA -- NOME PESSOAL
Cód. do termo explicativo coord.
Nome pessoal Dobrowolski, Samantha Chantal
710 ## - ENTRADA SECUNDÁRIA -- ENTIDADE
Nome da entidade ou lugar Escola Superior do Ministério Público da União
942 ## - ELEMENTOS DE ENTRADA ADICIONAIS (KOHA)
Fonte de classificação ou esquema de arquivamento Classificação Decimal Universal
Tipo de item do Koha Livros
Holdings
Estado: removido Estado: perdido Fonte de classificação ou esquema de arquivamento Estado: danificado Indisponível para empréstimo Localização permanente Localização atual Data de aquisição Total Checkouts Número de Chamada completo Código de barras Date last seen Número do exemplar Preço efetivo a partir de Tipo de item (Koha)
    Classificação Decimal Universal     Biblioteca da Escola Superior de Contas do TCE/MT Biblioteca da Escola Superior de Contas do TCE/MT 09/11/2023   35.086:343.35 Q5 BIBTCEMT23110398 09/11/2023 Ex. 1 09/11/2023 Livros

Powered by Koha